|
|
|
|
| LEADER |
00000nam0a2200000 4500 |
| 001 |
96400 |
| 005 |
20231101214051.0 |
| 035 |
|
|
|a (RuTPU)RU\TPU\book\103199
|
| 090 |
|
|
|a 96400
|
| 100 |
|
|
|a 20060513d1970 km y0rusy50 ca
|
| 101 |
0 |
|
|a rus
|
| 102 |
|
|
|a RU
|
| 105 |
|
|
|a y z 000zy
|
| 200 |
1 |
|
|a Открытие химических элементов и происхождение их названий
|f Н. А. Фигуровский
|
| 210 |
|
|
|a Москва
|c Наука
|d 1970
|
| 215 |
|
|
|a 207 с.
|
| 453 |
|
1 |
|0 (RuTPU)RU\TPU\retro\23542
|t Открытие химических элементов и происхождение их названий
|l Die Entdeckung der Chemischen Elemente und der Ursprung ihrer Namen
|f Н. А. Фигуровский
|c Москва
|n Мир
|d 1981
|p 280 с.
|a Фигуровский, Николай Александрович
|
| 606 |
1 |
|
|a Химические элементы
|x История открытий
|2 stltpush
|3 (RuTPU)RU\TPU\subj\74894
|9 86845
|
| 610 |
1 |
|
|a открытие
|
| 610 |
1 |
|
|a названия
|
| 610 |
1 |
|
|a происхождение
|
| 610 |
1 |
|
|a история
|
| 610 |
1 |
|
|a ложнооткрытые элементы
|
| 675 |
|
|
|a 546-123(09)
|v 3
|
| 700 |
|
1 |
|a Фигуровский
|b Н. А.
|g Николай Александрович
|
| 801 |
|
1 |
|a RU
|b 63413507
|c 20060513
|g PSBO
|
| 801 |
|
2 |
|a RU
|b 63413507
|c 20220202
|g PSBO
|
| 942 |
|
|
|c BK
|